Systems, Software and Services Process Improvement : 21st European Conference, EuroSPI 2014, Luxembourg, June 25-27, 2014 : Proceedings /
Selección de ponencias de la vigésima primera Conferencia Europea sobre Mejora de Procesos de Software, celebrada en Luxemburgo en junio de 2014. Los artículos abordan temas relacionados con la mejora de procesos de software, sus marcos de referencia, contextos, calidad e innovación.
-д хадгалсан:
| Байгууллагын зохиогч: | |
|---|---|
| Бусад зохиолчид: | |
| Формат: | Бага хурлын үйл явц Ном |
| Хэл сонгох: | англи |
| Хэвлэсэн: |
Heidelberg, Alemania :
Springer,
2014, c2014
|
| Цуврал: | (Communications in Computer and Information Science ;
425) |
| Нөхцлүүд: | |
| Онлайн хандалт: | Ver documento en línea |
| Шошгууд: |
Шошго байхгүй, Энэхүү баримтыг шошголох эхний хүн болох!
|
MARC
| LEADER | 00000nam^a2200000^a^4500 | ||
|---|---|---|---|
| 001 | 000571134 | ||
| 005 | 20251023000000.0 | ||
| 009 | 20260310132243.7 | ||
| 020 | |a 978-3-662-43896-1 | ||
| 037 | |a Acervo ITESO - Biblioteca | ||
| 041 | |a ING | ||
| 082 | |a Libro en línea | ||
| 111 | |a European Conference on Software Process Improvement ( |n 21a : |d 2014 : |c Luxemburgo, Bélgica) | ||
| 245 | 1 | 0 | |a Systems, Software and Services Process Improvement : |b 21st European Conference, EuroSPI 2014, Luxembourg, June 25-27, 2014 : Proceedings / |c Ed. de B. Barafort... [et al.]. |
| 264 | 4 | |a Heidelberg, Alemania : |b Springer, |c 2014, c2014 | |
| 264 | 2 | |a Cham, Suiza : |b Springer Link [distribución], |c 2014 | |
| 300 | |a 1 libro electrónico en línea (XVIII, 332 p.) | ||
| 300 | |a 1 recurso en línea | ||
| 336 | |a datos para computadora |b cod |2 rdacontenido | ||
| 337 | |a computadora |b c |2 rdamedio | ||
| 338 | |a recurso en línea |b cr |2 rdasoporte | ||
| 440 | 1 | |a (Communications in Computer and Information Science ; |v 425) | |
| 506 | 0 | |a Licencias ilimitadas | |
| 520 | |a Selección de ponencias de la vigésima primera Conferencia Europea sobre Mejora de Procesos de Software, celebrada en Luxemburgo en junio de 2014. Los artículos abordan temas relacionados con la mejora de procesos de software, sus marcos de referencia, contextos, calidad e innovación. | ||
| 649 | |a XX | ||
| 650 | |a Productividad | ||
| 650 | |a Proceso de Producción | ||
| 650 | |a Ingeniería de Procesos - |x Tema Principal | ||
| 650 | |a Paquetes (Software) - |x Prueba y Medición | ||
| 650 | |a Ingeniería de Software - |x Congresos - |x Tema Principal | ||
| 650 | |a Desarrollo de Sistemas | ||
| 650 | |a Sistemas Computacionales | ||
| 650 | |a Ingeniería Computacional | ||
| 700 | |a Barafort, Béatrix |e (edición) | ||
| 856 | 4 | 0 | |u https://link-springer-com.ezproxy.iteso.mx/10.1007/978-3-662-43896-1 |y Ver documento en línea |
| 910 | |a Fondo General | ||
| 920 | |a Electrónicos - Libros en Línea | ||
| 930 | |a Plataforma Digital | ||
| 905 | |a 205 | ||
| 901 | |a 571134-1 |b IT2 |c EBO |i C |u 20250521 | ||
| 902 | |a https://opac.biblio.iteso.mx/vufind/Record/000571134 | ||